Ngoma : (Record no. 124437)
[ view plain ]
| 000 -LEADER | |
|---|---|
| fixed length control field | 01254cam a22003614a 4500 |
| 001 - CONTROL NUMBER | |
| control field | 6755923 |
| 003 - CONTROL NUMBER IDENTIFIER | |
| control field | ARRUPE |
| 005 - DATE AND TIME OF LATEST TRANSACTION | |
| control field | 20160323084125.0 |
| 008 - FIXED-LENGTH DATA ELEMENTS--GENERAL INFORMATION | |
| fixed length control field | 070815s2006 rh 000 0 eng |
| 010 ## - LIBRARY OF CONGRESS CONTROL NUMBER | |
| LC control number | 2007381002 |
| 020 ## - INTERNATIONAL STANDARD BOOK NUMBER | |
| International Standard Book Number | 8778656001 (International) |
| 020 ## - INTERNATIONAL STANDARD BOOK NUMBER | |
| International Standard Book Number | 9788778656001 (International) |
| 020 ## - INTERNATIONAL STANDARD BOOK NUMBER | |
| International Standard Book Number | 0797430954 (Southern Africa) |
| 020 ## - INTERNATIONAL STANDARD BOOK NUMBER | |
| International Standard Book Number | 9780797430952 (Southern Africa) |
| 035 ## - SYSTEM CONTROL NUMBER | |
| System control number | (OCoLC)ocn153576334 |
| 035 ## - SYSTEM CONTROL NUMBER | |
| System control number | (OCoLC)153576334 |
| 035 ## - SYSTEM CONTROL NUMBER | |
| System control number | (NNC)6755923 |
| 040 ## - CATALOGING SOURCE | |
| Original cataloging agency | DLC |
| Transcribing agency | DLC |
| Modifying agency | YDXCP |
| -- | BTCTA |
| 042 ## - AUTHENTICATION CODE | |
| Authentication code | lcode |
| 043 ## - GEOGRAPHIC AREA CODE | |
| Geographic area code | fs----- |
| 050 00 - LIBRARY OF CONGRESS CALL NUMBER | |
| Classification number | NX389.7 |
| Item number | .N45 2006 |
| 300 ## - PHYSICAL DESCRIPTION | |
| Dimensions | 21 cm. |
| 245 00 - TITLE STATEMENT | |
| Title | Ngoma : |
| Remainder of title | approaches to arts education in Southern Africa / |
| Statement of responsibility, etc | editor, Robert Mshengu Kavanagh ; consultant editor, Stephen Joel Chifunyise ; CHIPAWO. |
| 260 ## - PUBLICATION, DISTRIBUTION, ETC. (IMPRINT) | |
| Place of publication, distribution, etc | Harare : |
| Name of publisher, distributor, etc | Zimbabwe Academy of Arts Education for Development, |
| Date of publication, distribution, etc | c2006. |
| 300 ## - PHYSICAL DESCRIPTION | |
| Extent | 216 p. ; |
| 650 #0 - SUBJECT ADDED ENTRY--TOPICAL TERM | |
| Topical term or geographic name as entry element | Arts |
| General subdivision | Study and teaching |
| Geographic subdivision | Africa, Southern. |
| 9 (RLIN) | 23196 |
| 700 1# - ADDED ENTRY--PERSONAL NAME | |
| Personal name | Kavanagh, Robert. |
| 9 (RLIN) | 15536 |
| 700 1# - ADDED ENTRY--PERSONAL NAME | |
| Personal name | Chifunyise, Stephen. |
| 9 (RLIN) | 23197 |
| 710 2# - ADDED ENTRY--CORPORATE NAME | |
| Corporate name or jurisdiction name as entry element | CHIPAWO (Organization) |
| 9 (RLIN) | 23198 |
| 710 2# - ADDED ENTRY--CORPORATE NAME | |
| Corporate name or jurisdiction name as entry element | Zimbabwe Academy of Arts Education for Development. |
| 9 (RLIN) | 23199 |
| 942 ## - ADDED ENTRY ELEMENTS (KOHA) | |
| Source of classification or shelving scheme | Library of Congress Classification |
| Koha item type | Monograph ( Printed materials) |
| 948 1# - LOCAL PROCESSING INFORMATION (OCLC); SERIES PART DESIGNATOR (RLIN) | |
| Series part designator, SPT (RLIN) | 20080707 |
| b (OCLC) | c |
| c (OCLC) | rch2 |
| d (OCLC) | MPS |
| Withdrawn status | Lost status | Source of classification or shelving scheme | Damaged status | Not for loan | Collection code | Home library | Current library | Shelving location | Date acquired | Total Checkouts | Full call number | Barcode | Date last seen | Price effective from | Koha item type |
|---|---|---|---|---|---|---|---|---|---|---|---|---|---|---|---|
| Library of Congress Classification | Main Collection | ARRUPE LIBRARY | ARRUPE LIBRARY | Main Collection | 22/03/2016 | NX389.7 .N45 2006 | 46500007090 | 04/07/2018 | 22/03/2016 | Monograph ( Printed materials) |